Statistics for Super Smash Bros. Fighters #82 - The Sora Quiz

Click here to take the quiz!

General Stats

  • This quiz has been taken 76 times
  • The average score is 13 of 16

Answer Stats

HintAnswer% Correct
This game is a crossover between what game series and what movie studio?Disney
100%
What game is Sora from?Kingdom Hearts
100%
Who are Sora's main allies?Donald
98%
Who are Sora's main allies?Goofy
98%
What year was this game released in?2002
95%
What type of weapon does Sora normally use?Keyblade
95%
Sora’s outfit greatly resembles which mascot, due to Square Enix
not having the rights to use him in-game and needing a replacement?
Mickey
85%
This game is a crossover between what game series and what movie studio?Final Fantasy
84%
The original concept for Sora had him be a cross between
a human boy and what large feline?
Lion
81%
What species are the enemies in this game?Heartless
76%
What type of ship does Sora use to travel between worlds?Gummi Ship
66%
Who are Sora’s childhood friends?Riku
66%
Who are Sora’s childhood friends?Kairi
65%
What does Sora mean in Japanese?Sky
58%
Where did Sora live as a child?Destiny Islands
55%
Where does Sora go after his home world is destroyed?Traverse Town
52%

Score Distribution

Percentile by Number Answered

Percent of People with Each Score

Your Score History

You have not taken this quiz